The Simpsons - Special Guests by Picture #7 - HARDEST - Statistics

General Stats
  • This quiz has been taken 48 times
  • The average score is 2 of 16
Answer Stats
Picture Answer % Correct
Elvis Costello
43%
Michelle Kwan
41%
Bob Denver
27%
Lisa Leslie
27%
William H. Macy
25%
Yao Ming
23%
Thomas Pynchon
20%
Brian Setzer
16%
Tom DeLonge
9%
George Plimpton
5%
Isabel Sanford
5%
Helen Fielding
2%
James Lipton
2%
Ken Burns
2%
Larry Holmes
0%
Robert Pinsky
0%
No matching quizzes found
Score Distribution
Percent of People with Each Score
Percentile by Number Answered
Your Score History
You have not taken this quiz